Contratación administrativa bajo la ley de compras

Furkejuvvon:
Bibliográfalaš dieđut
Váldodahkki: Barra Gallardo, Nancy (Dahkki)
Eará dahkkit: Celis Danzinger, Gabriel (autor)
Materiálatiipa: Girji
Giella:espánnjágiella
Almmustuhtton: Santiago Legal Publishing 2018
Preanttus:5a. ed
Ráidu:Monografías
Fáttát:
Fáddágilkorat: Lasit fáddágilkoriid
Eai fáddágilkorat, Lasit vuosttaš fáddágilkora!

MARC

LEADER 00000cam a2200000 a 4500
001 UCC3789
003 CL-VaPUC
008 180615e20180000cl |||||||||||||||||spa|d
020 |a 9789563469530 
082 0 4 |a 342.8302  |b BAR  |2 21 
100 0 |a Barra Gallardo, Nancy  |e author  |9 597898 
700 |a Celis Danzinger, Gabriel  |e autor  |9 248 
245 1 0 |a Contratación administrativa bajo la ley de compras 
250 |a 5a. ed 
300 |a 322 p 
942 |c BK 
945 |d 20180615 12:36:00  |a dcastane 
260 |a Santiago  |b Legal Publishing  |c 2018 
650 0 |a Derecho administrativo  |9 254851 
650 0 |a Contratos  |9 255153 
650 7 |a FUNCIONES ADMINISTRATIVAS  |2 CL-VaPUC  |9 390895 
583 |a last modification  |c 20180615 12:36:00  |k Rodrigo Vera 
490 0 |a Monografías 
999 |c 371463  |d 371461 
952 |0 0  |1 0  |3 erb  |4 0  |6 342_830200000000000_BAR_2018  |7 0  |8 A  |9 488467  |a BIBDER  |b BIBDER  |i 5476062  |l 3  |o 342.8302 BAR 2018  |p 5476062  |r 2024-10-21  |s 2024-10-01  |w 2019-11-24  |y BK  |z Catalogado en:20180615  |k DER